000 00893nam a2200229 i 4500
001 bg
245 0 0 _aKomentarz do kodeksu cywilnego.
_nKs. 3.
_pZobowiązania /
_nT. 1.
_cGerard Bieniek [et al.] ; pod red. Gerarda Bieńka ; [poszczeg. cz. Komentarza oprac. Gerard Bieniek et al.].
250 _aWyd. 2 rozsz. i uaktual. wg stanu prawnego na dzień 1 września 1999 r.
260 _aWarszawa :
_bWydaw. Prawnicze,
_c1999.
300 _a579, [1] s. ;
_c25 cm.
500 _aAut. ks. 1: Stanisław Dmowski, Stanisław Rudnicki.
504 _aBibliogr. przy rozdz.
650 9 _aPrawo zobowiązaniowe
_zPolska
_ystan na 1999 r.
700 1 _aBIENIEK, Gerard
_d(1941-2011).
020 _a8321910289 (ks. 3 t. 1)
040 _cBPK
041 0 _apl
080 _a347.41/.43(438)(094.4.07)
920 _a83-219-1028-9 (ks. 3 t. 1)
942 _cKS
008 s pl f |000 0 pol
999 _c37637
_d37637
856 _uhttp://koha.tu.koszalin.pl/cgi-bin/koha/opac-detail.pl?biblionumber=37637
_yKatalog online BPK